Report of the committee on the Exercise of the Inalienable Rights of the Palestinian People (Record no. 1795)

MARC details
000 -LEADER
fixed length control field 00427nam a22001217a 4500
008 - FIXED-LENGTH DATA ELEMENTS--GENERAL INFORMATION
fixed length control field 230620b xxu||||| |||| 00| 0 eng d
082 ## - DEWEY DECIMAL CLASSIFICATION NUMBER
Classification number 323.119
Item number UN
110 ## - MAIN ENTRY--CORPORATE NAME
Subordinate unit UN
245 ## - TITLE STATEMENT
Title Report of the committee on the Exercise of the Inalienable Rights of the Palestinian People
Remainder of title General Assembly
Statement of responsibility, etc. Official Record. Forty-Seventh session
Medium Supplement No.35(A/47/35)
260 ## - PUBLICATION, DISTRIBUTION, ETC. (IMPRINT)
Place of publication, distribution, etc. New York
Name of publisher, distributor, etc. UN
Date of publication, distribution, etc. 1994
300 ## - PHYSICAL DESCRIPTION
Extent 59p
942 ## - ADDED ENTRY ELEMENTS (KOHA)
Source of classification or shelving scheme Dewey Decimal Classification
Koha item type Books
Holdings
Withdrawn status Lost status Source of classification or shelving scheme Damaged status Not for loan Home library Current library Date acquired Total Checkouts Full call number Barcode Date last seen Price effective from Koha item type
    Dewey Decimal Classification     County Hall Archives County Hall Archives 06/20/2023   323.119 UN 10011911 06/20/2023 06/20/2023 Books
LIBRARY OPENING HOURS

When the Parliament is sitting: 8.00a.m - 7.00p.m or until the house adjourns
Mondays and Fridays and when the House is on Recess:  8.00a.m - 5.00p.m
Closed on Weekends and Public Holidays

Online Public Access Catalog (OPAC)
Website: http://www.parliament.go.ke
Bunge Library: https://libraryir.parliament.go.ke
Contact: library@parliament.go.ke | Tel no: (254-2)2221291 or 2848000 Ext 5043